Central Library || Chittagong University

A series of essays on the life of Muhammad and subjects subsidiary thereto ./ (Record no. 111266)

MARC details
000 -LEADER
fixed length control field 00532nam a22001697a 4500
003 - CONTROL NUMBER IDENTIFIER
control field BD-ChCU
005 - DATE AND TIME OF LATEST TRANSACTION
control field 20260126103322.0
008 - FIXED-LENGTH DATA ELEMENTS--GENERAL INFORMATION
fixed length control field 260126b bg ||||| |||| 00| 0 ben d
040 ## - CATALOGING SOURCE
Transcribing agency BD-ChCU
082 ## - DEWEY DECIMAL CLASSIFICATION NUMBER
Classification number 297.44 SYS
100 ## - MAIN ENTRY--PERSONAL NAME
Personal name Syed Ahmad , Khan Bahadur.
9 (RLIN) 19669
245 ## - TITLE STATEMENT
Title A series of essays on the life of Muhammad and subjects subsidiary thereto ./
Statement of responsibility, etc. Khan Bahadur , Syed Ahmad .
260 ## - PUBLICATION, DISTRIBUTION, ETC.
Place of publication, distribution, etc. Lahore :
Name of publisher, distributor, etc. Premier books house ,
Date of publication, distribution, etc. C 1968
300 ## - PHYSICAL DESCRIPTION
Extent xv , 394p.
650 #0 - SUBJECT ADDED ENTRY--TOPICAL TERM
Topical term or geographic name entry element Hazrat Mohammad
9 (RLIN) 19670
942 ## - ADDED ENTRY ELEMENTS (KOHA)
Source of classification or shelving scheme Dewey Decimal Classification
Koha item type Books
Suppress in OPAC No
Holdings
Withdrawn status Lost status Source of classification or shelving scheme Damaged status Not for loan Home library Current library Shelving location Date acquired Source of acquisition Total Checkouts Full call number Barcode Date last seen Copy number Price effective from Koha item type
    Dewey Decimal Classification     Chittagong University Library Chittagong University Library Arts and Humanities Reading Room 01/26/2026 Purchase   297.44 SYS 39273 01/26/2026 C-1 01/26/2026 Books
    Dewey Decimal Classification     Chittagong University Library Chittagong University Library Arts and Humanities Reading Room 01/26/2026 Purchase   297.44 SYS 39274 01/26/2026 C-2 01/26/2026 Books
    Dewey Decimal Classification     Chittagong University Library Chittagong University Library Arts and Humanities Reading Room 01/26/2026 Purchase   297.44 SYS 39275 01/26/2026 C-3 01/26/2026 Books
© Copyright 2025. Chittagong University Library, Installation and Maintenance by Prof. Dr. Md. Alamgir, 01711306253